[Event "Sportsko leto 2017"]
[Site "Paracin"]
[Date "2017.07.08"]
[Round "3.1"]
[White "Damljanovic, Branko"]
[Black "Mesaros, Florian"]
[Result "1-0"]
[WhiteElo "2544"]
[BlackElo "2415"]
[PlyCount "113"]
[EventDate "2017.??.??"]

1. Nf3 d5 2. g3 Nf6 3. Bg2 e6 4. O-O c5 5. d3 Nc6 6. Nbd2 Be7 7. e4 O-O 8. e5
Nd7 9. Re1 Qc7 10. Qe2 b5 11. h4 Bb7 12. Nf1 Rac8 13. c3 d4 14. Bf4 Nb6 15. c4
bxc4 16. dxc4 Nb4 17. Rec1 Rcd8 18. N1d2 Qc8 19. Ne1 Bxg2 20. Kxg2 f5 21. a3
Nc6 22. Nd3 a5 23. Nf3 a4 24. Bd2 Rd7 25. Rab1 Ra7 26. b4 axb3 27. Rxb3 Na4 28.
Rb5 Nc3 29. Bxc3 dxc3 30. Rxc3 Nd4 31. Qa2 Nxb5 32. cxb5 Ra4 33. Nb4 Re8 34.
Qb3 Ra8 35. Nc6 Bf8 36. a4 Qb7 37. Ng5 Qc8 38. a5 h6 39. Nh3 Qb7 40. Nf4 Rxa5
41. Nxe6 Rxb5 42. Qd5 Qf7 43. Nc7 Qxd5+ 44. Nxd5 Rb7 45. f4 Kf7 46. Na5 Rd7 47.
Ne3 g6 48. Nac4 Ra8 49. Rb3 Ra6 50. h5 Be7 51. Kf3 Ra2 52. Rb6 Rd3 53. hxg6+
Kg7 54. Rb7 Kxg6 55. Rxe7 Rc2 56. Nd6 c4 57. Ndxf5 1-0

[Event "Sportsko leto 2017"]
[Site "Paracin"]
[Date "2017.07.08"]
[Round "3.2"]
[White "Ostojic, Nikola"]
[Black "Sanal, Vahap"]
[Result "0-1"]
[WhiteElo "2412"]
[BlackElo "2533"]
[PlyCount "110"]
[EventDate "2017.??.??"]

1. e4 e5 2. Nf3 Nc6 3. Bc4 Nf6 4. d4 exd4 5. e5 d5 6. Bb5 Ne4 7. Nxd4 Bd7 8.
Bxc6 bxc6 9. O-O Bc5 10. Be3 O-O 11. f3 Ng5 12. f4 Ne4 13. Nd2 Nxd2 14. Qxd2
Bb6 15. Nb3 f6 16. Bc5 fxe5 17. fxe5 Qe7 18. Qc3 Qg5 19. a4 Bf5 20. a5 Be4 21.
g3 Bxc5+ 22. Nxc5 Bf5 23. Rf4 Qh5 24. Raf1 Bh3 25. Rxf8+ Rxf8 26. Rxf8+ Kxf8
27. Kf2 Ke7 28. Qd4 Qf5+ 29. Ke3 Qxc2 30. Nd3 Qxh2 31. Qh4+ Ke8 32. Qh5+ Kf8
33. Qh4 Ke8 34. Qh5+ g6 35. Qxh7 Qxg3+ 36. Kd2 Qg5+ 37. Kc3 Bd7 38. Qh8+ Ke7
39. Qg7+ Kd8 40. Qf6+ Qxf6 41. exf6 Bf5 42. Ne5 c5 43. Nc6+ Ke8 44. Nxa7 Bd7
45. b4 c6 46. bxc5 Kf7 47. a6 Kxf6 48. Kb4 d4 49. Ka5 d3 50. Nb5 cxb5 51. Kb6
d2 52. a7 Bc6 53. Kxc6 d1=Q 54. Kb7 Qd7+ 55. Kb6 Qc8 0-1

[Event "Sportsko leto 2017"]
[Site "Paracin"]
[Date "2017.07.08"]
[Round "3.3"]
[White "Atalik, Suat"]
[Black "Djordjevic, Vuk"]
[Result "1/2-1/2"]
[WhiteElo "2525"]
[BlackElo "2377"]
[PlyCount "161"]
[EventDate "2017.??.??"]

1. Nf3 d5 2. d4 e6 3. c4 Nf6 4. Nc3 Bb4 5. Qb3 c5 6. dxc5 Qa5 7. Bd2 Qxc5 8.
cxd5 O-O 9. dxe6 Bxe6 10. Qc2 Bf5 11. Qc1 Nc6 12. e3 Qe7 13. Be2 Rac8 14. O-O
Bg4 15. h3 Bxf3 16. Bxf3 Ne5 17. Be2 Bxc3 18. Bxc3 Nd5 19. Qc2 Rc5 20. Qa4 Nxc3
21. bxc3 b6 22. c4 Rfc8 23. Rad1 Ra5 24. Qb3 Ra3 25. Qb2 Nxc4 26. Bxc4 Rxc4 27.
Rc1 Raa4 28. Qb5 Qe6 29. Rfd1 Rxc1 30. Rxc1 Ra5 31. Qb1 h6 32. Rc2 Rc5 33. Rxc5
bxc5 34. Qb8+ Kh7 35. Qxa7 c4 36. Qd4 Qc6 37. Kf1 Qa4 38. Qe4+ g6 39. Qd5 Kg7
40. Qd2 Kh7 41. Ke2 Qc6 42. Qc3 Qa4 43. a3 Qb5 44. e4 Qc5 45. g4 Kg8 46. f3 Qd6
47. Qxc4 Qxa3 48. Kf2 Qb2+ 49. Qe2 Qe5 50. Kg2 Kg7 51. h4 h5 52. gxh5 Qxh5 53.
Qb2+ Kg8 54. Qf6 Qb5 55. Qd8+ Kg7 56. Qd4+ Kg8 57. Kg3 Qf1 58. Qe3 Qh1 59. e5
Kg7 60. Qd4 Kh7 61. Qe3 Kg7 62. f4 Qb1 63. Qf2 Qd1 64. f5 Qd3+ 65. Qf3 Qd4 66.
f6+ Kh7 67. Qe2 Qc3+ 68. Kg2 Qd4 69. h5 Qf4 70. e6 Qg5+ 71. Kh2 fxe6 72. Qxe6
Qxh5+ 73. Kg3 Qg5+ 74. Kf3 Qf5+ 75. Qxf5 gxf5 76. Kf4 Kg6 77. Ke5 Kf7 78. Kxf5
Kf8 79. Ke6 Ke8 80. f7+ Kf8 81. Kf6 1/2-1/2

[Event "Sportsko leto 2017"]
[Site "Paracin"]
[Date "2017.07.08"]
[Round "3.4"]
[White "Mcphillips, Joseph"]
[Black "Kadric, Denis"]
[Result "1/2-1/2"]
[WhiteElo "2400"]
[BlackElo "2515"]
[PlyCount "52"]
[EventDate "2017.??.??"]

1. e4 c5 2. Nf3 d6 3. c3 Nf6 4. h3 Nc6 5. Bd3 d5 6. e5 Nd7 7. Qe2 c4 8. Bc2 Qc7
9. e6 fxe6 10. b3 Nde5 11. Na3 Nxf3+ 12. Qxf3 Qe5+ 13. Kd1 cxb3 14. axb3 Qf6
15. Qg3 e5 16. Nb5 Kd8 17. d4 Bf5 18. dxe5 Bxc2+ 19. Kxc2 Qf5+ 20. Kb2 e6 21.
Be3 a6 22. Nd4 Nxd4 23. Bxd4 Qg6 24. Qxg6 hxg6 25. Rhd1 Rc8 26. Ra4 Be7 1/2-1/2

[Event "Sportsko leto 2017"]
[Site "Paracin"]
[Date "2017.07.08"]
[Round "3.5"]
[White "Ali Marandi, Cemil Can"]
[Black "Atakisi, Umut"]
[Result "1-0"]
[WhiteElo "2515"]
[BlackElo "2373"]
[PlyCount "113"]
[EventDate "2017.??.??"]

1. e4 c5 2. Nf3 Nc6 3. Bb5 g6 4. Bxc6 bxc6 5. O-O Bg7 6. Re1 Nh6 7. c3 O-O 8.
h3 d5 9. e5 c4 10. d3 cxd3 11. Qxd3 f6 12. Bf4 Nf7 13. Nbd2 Qb6 14. exf6 exf6
15. Nb3 Ne5 16. Qd1 Nc4 17. Be3 Nxe3 18. Rxe3 Bh6 19. Re1 Ba6 20. Qd4 Bc4 21.
Nc5 Rf7 22. b3 Bf8 23. Ne6 Ba6 24. Nxf8 Raxf8 25. Re6 Bb7 26. Qd2 Bc8 27. Re3
Bb7 28. Rae1 c5 29. h4 Rd7 30. Re6 Qd8 31. Nh2 Rd6 32. h5 Rxe6 33. Rxe6 gxh5
34. Re3 Kh8 35. Rh3 Qe8 36. Qh6 Qf7 37. Rxh5 Rg8 38. g3 Qg6 39. Qxg6 Rxg6 40.
Nf1 Rg5 41. Rh4 Re5 42. Ne3 Kg8 43. Kf1 Re4 44. Rxe4 dxe4 45. Nf5 Ba8 46. Nd6
Kg7 47. Ke2 Kg6 48. Ke3 h5 49. Kf4 Bc6 50. c4 a5 51. Nxe4 Bxe4 52. Kxe4 Kg5 53.
Kd5 f5 54. Kxc5 f4 55. Kd4 fxg3 56. fxg3 Kg4 57. c5 1-0

[Event "Sportsko leto 2017"]
[Site "Paracin"]
[Date "2017.07.08"]
[Round "3.6"]
[White "Nestorovic, Nikola"]
[Black "Harvey, Marcus R"]
[Result "1/2-1/2"]
[WhiteElo "2509"]
[BlackElo "2292"]
[PlyCount "101"]
[EventDate "2017.??.??"]

1. e4 e6 2. d4 d5 3. Nc3 Nf6 4. Bg5 dxe4 5. Nxe4 Be7 6. Bxf6 gxf6 7. Qd3 e5 8.
O-O-O Qxd4 9. Qxd4 exd4 10. Rxd4 Be6 11. Nf3 Rg8 12. g3 f5 13. Nc3 Bc5 14. Rd2
Nd7 15. Nd4 O-O-O 16. Bh3 Ne5 17. Nxe6 fxe6 18. Rxd8+ Kxd8 19. Re1 Ng4 20. Bxg4
Rxg4 21. Rxe6 Bxf2 22. Re2 Bg1 23. Nd5 Rg6 24. Nf4 Rh6 25. h3 Kd7 26. Kd2 Bc5
27. h4 Rf6 28. Kd3 Rf7 29. Re5 Bd6 30. Ra5 b6 31. Rxa7 Rg7 32. Nh5 Rg6 33. Ke3
Bxg3 34. Nxg3 Rxg3+ 35. Kf4 Rg4+ 36. Kxf5 Rxh4 37. Ra3 Rh2 38. Rd3+ Kc6 39.
Rc3+ Kb7 40. a4 c5 41. Kg4 Ka6 42. Kg3 Rd2 43. Kf3 Rd4 44. b3 h5 45. Ke2 h4 46.
Re3 Rd6 47. Rh3 Rh6 48. c3 b5 49. axb5+ Kxb5 50. Kf3 c4 51. bxc4+ 1/2-1/2

[Event "Sportsko leto 2017"]
[Site "Paracin"]
[Date "2017.07.08"]
[Round "3.7"]
[White "Nestorovic, Lazar"]
[Black "Kosic, Dragan"]
[Result "1/2-1/2"]
[WhiteElo "2371"]
[BlackElo "2487"]
[PlyCount "143"]
[EventDate "2017.??.??"]

1. e4 e6 2. d4 d5 3. e5 c5 4. c3 Nc6 5. Be3 cxd4 6. cxd4 Nge7 7. Bd3 Nf5 8. Nf3
Qb6 9. Qd2 Nxe3 10. fxe3 Be7 11. Nc3 Bd7 12. O-O Rc8 13. h4 Qd8 14. Qf2 O-O 15.
Qg3 f5 16. exf6 Bxf6 17. Ng5 Bxg5 18. Rxf8+ Qxf8 19. hxg5 g6 20. Rf1 Qe7 21.
Rf6 Rf8 22. Qc7 Bc8 23. Rxf8+ Qxf8 24. e4 Qd8 25. Qxd8+ Nxd8 26. exd5 exd5 27.
Nxd5 Kg7 28. Nf6 Nf7 29. d5 b6 30. Bb5 Nxg5 31. Ne8+ Kf8 32. d6 Be6 33. a3 Nf7
34. Nc7 Bf5 35. d7 Ke7 36. Nd5+ Kd6 37. Nf6 h5 38. Kf2 Ke7 39. Nd5+ Kd8 40. Nf6
h4 41. Kf3 g5 42. Ke3 Ke7 43. Nd5+ Kd6 44. Nf6 Ke5 45. Ng8 Nd8 46. Ne7 Be4 47.
Kf2 Bb7 48. Be2 Kd6 49. Nc8+ Kxd7 50. Nxa7 Kd6 51. Bf3 Ke5 52. a4 Kf4 53. Bxb7
Nxb7 54. Nc8 b5 55. axb5 g4 56. b6 h3 57. g3+ Ke4 58. Ne7 Kd4 59. Nf5+ Kc5 60.
Ne3 Kxb6 61. Nxg4 Nd6 62. Kg1 Nc4 63. Kh2 Nxb2 64. Kxh3 Nd3 65. Kh4 Kc6 66. Kg5
Kd6 67. Kf6 Nc5 68. Nf2 Nd7+ 69. Kf5 Ke7 70. g4 Kf7 71. Nd3 Nf6 72. Ne5+
1/2-1/2

[Event "Sportsko leto 2017"]
[Site "Paracin"]
[Date "2017.07.08"]
[Round "3.8"]
[White "Nestorovic, Dejan"]
[Black "Blagojevic, Dragisa"]
[Result "1/2-1/2"]
[WhiteElo "2358"]
[BlackElo "2483"]
[PlyCount "40"]
[EventDate "2017.??.??"]

1. d4 d5 2. c4 e6 3. Nc3 c6 4. e3 Nf6 5. Nf3 Nbd7 6. Qc2 Bd6 7. b3 O-O 8. Bd3
dxc4 9. bxc4 e5 10. O-O Re8 11. h3 h6 12. Bb2 Qe7 13. Nh4 Nf8 14. dxe5 Qxe5 15.
Nf3 Qe7 16. Rad1 N8d7 17. Nd4 Qe5 18. Nf3 Qe7 19. Nd4 Qe5 20. Nf3 Qe7 1/2-1/2

[Event "Sportsko leto 2017"]
[Site "Paracin"]
[Date "2017.07.08"]
[Round "3.9"]
[White "Cvetanovic, Uros"]
[Black "Lajthajm, Borko"]
[Result "1/2-1/2"]
[WhiteElo "2266"]
[BlackElo "2434"]
[PlyCount "177"]
[EventDate "2017.??.??"]

1. g3 d5 2. Bg2 c6 3. Nf3 Nf6 4. O-O Bf5 5. d3 Qc8 6. Re1 h6 7. Nbd2 Bh3 8. Bh1
e6 9. e4 Bc5 10. e5 Nfd7 11. d4 Be7 12. Nf1 Bxf1 13. Rxf1 b5 14. Be3 c5 15. c3
Nc6 16. Qe2 Qb7 17. Rad1 cxd4 18. cxd4 Rc8 19. Ne1 g6 20. Nd3 h5 21. h4 Kf8 22.
Nf4 Kg7 23. Rc1 a5 24. Rfd1 b4 25. b3 Na7 26. Bf3 Rxc1 27. Rxc1 Nb5 28. Qd3 Na7
29. Be2 Bd8 30. Qa6 Qxa6 31. Bxa6 Nb8 32. Bd3 Nbc6 33. Ne2 Bb6 34. Ba6 Rb8 35.
Kf1 Ne7 36. Ke1 Nf5 37. Kd2 Bd8 38. Bd3 Nxe3 39. Kxe3 Rc8 40. Rxc8 Nxc8 41. Bb5
Ne7 42. Bd3 Bb6 43. f4 Kf8 44. Kf3 Ke8 45. Ke3 Kd8 46. Ng1 Ng8 47. Ne2 Nh6 48.
Kf3 Kc7 49. Ke3 Kc6 50. Kf3 Bd8 51. Ke3 Kb6 52. Kf3 Ng8 53. Ke3 Ne7 54. Ng1 Nc6
55. Nf3 Na7 56. Ng5 Bxg5 57. hxg5 a4 58. Kd2 Nc6 59. Ke3 Ka5 60. Bc2 Ka6 61.
Bd3+ Kb6 62. Bc2 Na5 63. Kd2 Kc6 64. Ke3 a3 65. Kd2 Kd7 66. Ke3 Nc6 67. Bd3 Kd8
68. Bc2 Na5 69. Kd2 Ke7 70. Ke3 Kf8 71. Kd2 Kg7 72. Ke3 Nc6 73. Bd3 Na7 74. Kf3
Nc8 75. Ke3 Ne7 76. Kf3 Nc6 77. Ke3 Kf8 78. Bc2 Ke7 79. Bd3 Na5 80. Bc2 Kd7 81.
Kd2 Kc6 82. Bb1 Kb5 83. Bd3+ Kb6 84. Bb1 Nc6 85. Ke3 Ka5 86. Bd3 Na7 87. Kd2
Nc8 88. Bc2 Nb6 89. Bd3 1/2-1/2

[Event "Sportsko leto 2017"]
[Site "Paracin"]
[Date "2017.07.08"]
[Round "3.10"]
[White "Zanan, Evgeny"]
[Black "Zegarac, Vuk"]
[Result "1-0"]
[WhiteElo "2428"]
[BlackElo "2276"]
[PlyCount "71"]
[EventDate "2017.??.??"]

1. e4 c5 2. Nf3 e6 3. d4 cxd4 4. Nxd4 Nf6 5. Nc3 Nc6 6. Ndb5 Bb4 7. a3 Bxc3+ 8.
Nxc3 d5 9. exd5 exd5 10. Bd3 O-O 11. O-O d4 12. Ne2 Bg4 13. f3 Bh5 14. Nf4 Bg6
15. Nxg6 hxg6 16. f4 Ne7 17. Qf3 Qd5 18. Bd2 Qxf3 19. Rxf3 Rfe8 20. h3 Nc6 21.
Re1 Rxe1+ 22. Bxe1 Re8 23. Kf1 a6 24. Bc4 Ne4 25. Bd5 Nf6 26. Bxc6 bxc6 27. b4
Re4 28. g3 a5 29. bxa5 Nd5 30. Bf2 c5 31. Rb3 c4 32. Rb8+ Kh7 33. a6 d3 34.
cxd3 cxd3 35. a7 d2 36. Rh8+ 1-0

[Event "Sportsko leto 2017"]
[Site "Paracin"]
[Date "2017.07.08"]
[Round "3.11"]
[White "Sarenac, David"]
[Black "Zajic, Milan"]
[Result "1/2-1/2"]
[WhiteElo "2329"]
[BlackElo "2513"]
[PlyCount "157"]
[EventDate "2017.??.??"]

1. e4 g6 2. d4 Bg7 3. Nc3 c6 4. Nf3 d5 5. h3 Nh6 6. Bd3 O-O 7. O-O f6 8. Re1
Nf7 9. Bf1 e6 10. b4 Re8 11. Rb1 b5 12. a4 a6 13. Be3 Nd7 14. Nd2 f5 15. exd5
exd5 16. Nb3 Nf6 17. f3 Ra7 18. Qd2 Rae7 19. Qf2 Nh5 20. g4 Nf6 21. Bd2 h5 22.
g5 Nd7 23. Rxe7 Rxe7 24. a5 Nd6 25. Re1 Nc4 26. Bf4 Bf8 27. Na2 Kf7 28. c3 Rxe1
29. Qxe1 Bd6 30. Bxd6 Nxd6 31. Qg3 Qe7 32. Kf2 Nf8 33. Nc5 Ne6 34. Nxe6 Qxe6
35. Nc1 Kg7 36. Nd3 Nf7 37. h4 Qd6 38. Qxd6 Nxd6 39. Ne5 Bb7 40. Kg3 Ne8 41.
Kf4 Nd6 42. Be2 Nf7 43. Nd7 Bc8 44. Ne5 Nd8 45. Nd3 Nf7 46. Bf1 Kh7 47. Nc5 Kg7
48. Bd3 Kf8 49. Be2 Ke7 50. Nd3 Kd6 51. Ke3 Bd7 52. Nf4 Nh8 53. Bf1 Bc8 54. Bd3
Bd7 55. Bc2 Bc8 56. Nd3 Nf7 57. Kf4 Bd7 58. Nc5 Bc8 59. Bb1 Nd8 60. Nd3 Nf7 61.
Ke3 Bd7 62. Nf4 Nh8 63. Ne2 Nf7 64. Nc1 Be6 65. Nd3 Bd7 66. Nc5 Bc8 67. Kf4 Nd8
68. Ke3 Nf7 69. Bc2 Nd8 70. Nd3 Nf7 71. Kf4 Bd7 72. Nc5 Bc8 73. Nb3 Nd8 74. Ke3
Bd7 75. Nc1 Bc8 76. Nd3 Nf7 77. Kf4 Bd7 78. Nc5 Bc8 79. Bb1 1/2-1/2

[Event "Sportsko leto 2017"]
[Site "Paracin"]
[Date "2017.07.08"]
[Round "3.12"]
[White "Burovic, Rijad"]
[Black "Kovacevic, Aleksandar"]
[Result "0-1"]
[WhiteElo "2316"]
[BlackElo "2507"]
[PlyCount "156"]
[EventDate "2017.??.??"]

1. e4 c5 2. d3 Nc6 3. g3 g6 4. Bg2 Bg7 5. Nf3 d6 6. O-O Nf6 7. Re1 O-O 8. c3 e5
9. Nbd2 h6 10. Nc4 Be6 11. Ne3 d5 12. exd5 Nxd5 13. Nxd5 Bxd5 14. Be3 b6 15. a3
Rc8 16. Rb1 Re8 17. c4 Be6 18. b4 cxb4 19. axb4 Re7 20. Bf1 Rd7 21. b5 Na5 22.
Bd2 e4 23. Rxe4 Bf5 24. Re3 Nb7 25. Rb3 Nc5 26. Ra3 Bxd3 27. Bxd3 Nxd3 28. Qe2
Nb2 29. Re4 Nd3 30. Bc3 Bxc3 31. Rxc3 Nc5 32. Ree3 Qf6 33. Rc1 Rcd8 34. Re1 Kg7
35. Kg2 Ne6 36. h4 Nd4 37. Nxd4 Qxd4 38. h5 g5 39. Rf3 Rc8 40. Rc1 Rc5 41. Re3
Qf6 42. Rc2 Rdc7 43. Re8 Rc8 44. Re4 R8c7 45. Rd2 Rc8 46. Ra2 R8c7 47. Ra3 Rf5
48. Rae3 Qa1 49. Re8 Rd7 50. Rd3 Rxd3 51. Qxd3 Qf6 52. Qe3 Rc5 53. Qe4 Qc3 54.
Qe7 Qxc4 55. Qf8+ Kf6 56. Qh8+ Kf5 57. Qh7+ Kf6 58. Qxh6+ Kf5 59. Qh7+ Kf6 60.
h6 Qd5+ 61. Kh2 Rc1 62. Qg7+ Kf5 63. Qh7+ Kg4 64. Qe4+ Qxe4 65. Rxe4+ Kf5 66.
Re7 Kg6 67. Rxa7 Rc5 68. h7 Kxh7 69. Rxf7+ Kg6 70. Rb7 Rxb5 71. Kg2 g4 72. Rd7
Rb4 73. Rd5 Kf6 74. f4 Rb2+ 75. Kf1 b5 76. Rg5 b4 77. Rxg4 b3 78. Rg5 Rc2 0-1

[Event "Sportsko leto 2017"]
[Site "Paracin"]
[Date "2017.07.08"]
[Round "3.13"]
[White "Franklin, Samuel G A"]
[Black "Kobo, Ori"]
[Result "1/2-1/2"]
[WhiteElo "2312"]
[BlackElo "2494"]
[PlyCount "83"]
[EventDate "2017.??.??"]

1. e4 e6 2. d4 d5 3. Nc3 Nf6 4. e5 Nfd7 5. f4 c5 6. Nf3 Qb6 7. Be3 a6 8. Na4
Qa5+ 9. c3 cxd4 10. b4 Qc7 11. Qxd4 Nc6 12. Qd2 b5 13. Nb2 f6 14. Be2 fxe5 15.
Nxe5 Ndxe5 16. fxe5 Nxe5 17. O-O Bd6 18. Bd4 Ng6 19. Bh5 Bxh2+ 20. Kh1 Bd6 21.
Rae1 Qe7 22. Rf3 Bd7 23. Bxg7 Qxg7 24. Qxd5 O-O-O 25. Qxd6 Kb7 26. Rxe6 Bxe6
27. Qxe6 Rhf8 28. Rxf8 Rxf8 29. Bf3+ Rxf3 30. Qd5+ Kc7 31. Qxf3 Qh6+ 32. Kg1
Qc1+ 33. Nd1 Ne5 34. Qd5 Nc4 35. Qc5+ Kb7 36. Qd5+ Kc7 37. Qc5+ Kb7 38. Qe7+
Kb6 39. Qf6+ Kc7 40. Qe7+ Kb6 41. Qf6+ Kc7 42. Qe7+ 1/2-1/2

[Event "Sportsko leto 2017"]
[Site "Paracin"]
[Date "2017.07.08"]
[Round "3.14"]
[White "Fernandez, Daniel Howard"]
[Black "Radovic, Janko"]
[Result "1-0"]
[WhiteElo "2485"]
[BlackElo "2306"]
[PlyCount "159"]
[EventDate "2017.??.??"]

1. b3 c5 2. Bb2 Nc6 3. Nf3 d5 4. e3 e6 5. Bb5 Nf6 6. c4 Be7 7. Ne5 Qc7 8. f4
Bd7 9. Nxd7 Qxd7 10. cxd5 Qxd5 11. Qf3 Rc8 12. Nc3 Qxf3 13. gxf3 O-O 14. Ke2 a6
15. Bxc6 Rxc6 16. Rhc1 Nd5 17. Ne4 Rfc8 18. h3 c4 19. Rxc4 Rxc4 20. bxc4 Rxc4
21. a4 f5 22. Nc3 Nxc3+ 23. Bxc3 Bb4 24. Kd3 Bxc3 25. dxc3 Rc7 26. c4 Rd7+ 27.
Kc3 Kf7 28. Rg1 Kf6 29. c5 e5 30. Kc4 exf4 31. exf4 Re7 32. a5 Rd7 33. Rg2 Rc7
34. Rd2 Kg6 35. Rd5 Rf7 36. Rd8 Kh5 37. Kd5 Kh4 38. Ke6 Rf6+ 39. Ke5 Rf7 40.
Kd6 Kxh3 41. Rd7 Rxd7+ 42. Kxd7 Kg3 43. Kc7 h5 44. Kxb7 h4 45. c6 h3 46. c7 h2
47. c8=Q h1=Q 48. Qxf5 Qxf3+ 49. Kxa6 Qc6+ 50. Ka7 Qc7+ 51. Ka8 Qc6+ 52. Kb8
Qe8+ 53. Kb7 Qe7+ 54. Kc6 Qe8+ 55. Kc5 Qe7+ 56. Kc4 Qc7+ 57. Kb3 Qb7+ 58. Ka3
Qf3+ 59. Kb4 Qb7+ 60. Qb5 Qe7+ 61. Ka4 Qe4+ 62. Qb4 Qc6+ 63. Kb3 Kg4 64. Qc4
Qf3+ 65. Kc2 Qf2+ 66. Kd1 Qg1+ 67. Kd2 Qa1 68. a6 Qb2+ 69. Ke3 Qb6+ 70. Ke4 Qd6
71. Qe2+ Kh4 72. Qh2+ Kg4 73. Qg1+ Kh3 74. Qe3+ Kg4 75. a7 Qe6+ 76. Kd3 Qa6+
77. Kd2 Qb7 78. Ke1 Kh4 79. Kf2 Qb2+ 80. Kg1 1-0

[Event "Sportsko leto 2017"]
[Site "Paracin"]
[Date "2017.07.08"]
[Round "3.15"]
[White "Cabarkapa, Novak"]
[Black "Banzea, Alexandru-Bogdan"]
[Result "1-0"]
[WhiteElo "2426"]
[BlackElo "2300"]
[PlyCount "53"]
[EventDate "2017.??.??"]

1. e4 c5 2. Nc3 a6 3. Nge2 d6 4. g3 g6 5. Bg2 Bg7 6. O-O Nc6 7. d3 Nh6 8. h3
O-O 9. g4 f5 10. exf5 gxf5 11. g5 Nf7 12. f4 e6 13. Be3 h6 14. h4 hxg5 15. hxg5
Nd4 16. Bf2 Nh8 17. Nxd4 cxd4 18. Ne2 Ng6 19. Qc1 Qb6 20. Rd1 e5 21. Bd5+ Kh7
22. Kg2 Nxf4+ 23. Nxf4 exf4 24. Rh1+ Kg6 25. Qd1 Rh8 26. Rxh8 Bxh8 27. Qf3 1-0

[Event "International Tournament "]
[Site "Paracin, Hotel "]
[Date "2017.07.08"]
[Round "3.16"]
[White "Ivic, Matija"]
[Black "Petrov, Martin"]
[Result "1/2-1/2"]
[WhiteElo "2297"]
[BlackElo "2417"]
[PlyCount "73"]
[EventDate "2017.07.07"]

1. c4 Nf6 2. g3 c5 3. Bg2 d5 4. cxd5 Nxd5 5. Nf3 Nc6 6. Nc3 Nc7 7. a3 g6 8. b4
cxb4 9. axb4 Bg7 10. Ba3 O-O 11. Rc1 a6 12. O-O Nb5 13. Bb2 Nd6 14. d3 Nxb4 15.
Qb3 a5 16. Ba3 Be6 17. Qb1 Nd5 18. Nxd5 Bxd5 19. e4 Bc6 20. Bc5 a4 21. Nd4 a3
22. Nxc6 bxc6 23. e5 Bxe5 24. d4 Bf6 25. Bxc6 Ra6 26. Bd5 Nf5 27. Qb5 Ra5 28.
Qb4 Bxd4 29. Rfd1 Bxc5 30. Rxc5 Rxc5 31. Qxc5 e6 32. Bf3 Qf6 33. Qxa3 Nd4 34.
Bg2 Rd8 35. Qe3 Kg7 36. h4 Nf5 37. Qc1 1/2-1/2

[Event "International Tournament "]
[Site "Paracin, Hotel "]
[Date "2017.07.08"]
[Round "3.17"]
[White "Haria, Ravi"]
[Black "Lazov, Toni"]
[Result "1/2-1/2"]
[WhiteElo "2417"]
[BlackElo "2279"]
[PlyCount "172"]
[EventDate "2017.07.07"]

1. e4 c5 2. Nf3 e6 3. Nc3 a6 4. d4 cxd4 5. Nxd4 Qc7 6. Be2 Nf6 7. O-O Nc6 8.
Be3 b5 9. a3 Bb7 10. f4 d6 11. Bf3 Be7 12. Qe1 O-O 13. Kh1 Nxd4 14. Bxd4 e5 15.
Be3 Qc4 16. Be2 Qc6 17. Bf3 Qc4 18. Be2 Qc6 19. Bd3 exf4 20. Bxf4 Rfe8 21. Rd1
Rad8 22. Qf2 Qc5 23. Be3 Qh5 24. Qf5 Qxf5 25. exf5 Ng4 26. Bb6 Rc8 27. h3 Ne5
28. Be4 Bxe4 29. Nxe4 Rxc2 30. f6 Bxf6 31. Nxf6+ gxf6 32. Rxd6 Nc4 33. Rc6 Ree2
34. Bd4 Rxg2 35. Rc8+ Kg7 36. Rg1 Rxg1+ 37. Kxg1 Nxa3 38. Ra8 Nc4 39. Rxa6 Ne5
40. Bc3 b4 41. Bxb4 Rxb2 42. Be7 Nd7 43. Rd6 Rb7 44. Kg2 Kg6 45. Ra6 Kf5 46.
Bd8 Rb8 47. Bc7 Rb2+ 48. Kg3 Rb3+ 49. Kg2 Rc3 50. Ra7 Rd3 51. Bg3 h6 52. Rb7
Kg6 53. Rb5 f5 54. Bf4 Nf8 55. Be5 Ne6 56. Rb6 Rd5 57. Bc3 f4 58. Rb7 Rd3 59.
Be5 Kf5 60. Bb8 f6 61. Rb5+ Ke4 62. Rb6 Rg3+ 63. Kf2 Rf3+ 64. Kg2 Ng5 65. Rb4+
Kf5 66. Rb5+ Ke4 67. Rb4+ Kd3 68. Rb3+ Ke2 69. Rxf3 Nxf3 70. Bxf4 Ng5 71. h4
Nf7 72. h5 Kd3 73. Kf3 Ng5+ 74. Kg3 Ke4 75. Bc1 Kf5 76. Be3 Ke6 77. Bc1 Nf7 78.
Bd2 Nd6 79. Kg4 f5+ 80. Kf3 Ne4 81. Bxh6 Nf6 82. Bc1 Nxh5 83. Bb2 Kf7 84. Bc3
Kg6 85. Bb2 Nf6 86. Bxf6 Kxf6 1/2-1/2

[Event "International Tournament "]
[Site "Paracin, Hotel "]
[Date "2017.07.08"]
[Round "3.18"]
[White "Brankovic, Dejan"]
[Black "Taylor, Adam C"]
[Result "1-0"]
[WhiteElo "2377"]
[BlackElo "2265"]
[Annotator "Natasa"]
[PlyCount "32"]
[EventDate "2017.07.07"]

1. Nf3 Nf6 2. g3 e6 3. Bg2 Be7 4. O-O d5 5. d3 O-O 6. Nbd2 c5 7. e4 Nc6 8. Re1
b5 9. e5 Nd7 10. Nf1 f5 11. exf6 Rxf6 12. h4 Nde5 13. N1h2 Nxf3+ 14. Bxf3 Qd6
15. c3 b4 16. Bg4 bxc3 {unreadable} 1-0

[Event "International Tournament "]
[Site "Paracin, Hotel "]
[Date "2017.07.08"]
[Round "3.19"]
[White "Karaahmetoglu, Ege"]
[Black "Cerovic, Danilo"]
[Result "0-1"]
[WhiteElo "2034"]
[BlackElo "2335"]
[PlyCount "50"]
[EventDate "2017.07.07"]

1. e4 c6 2. d4 d5 3. exd5 cxd5 4. c4 Nf6 5. Nc3 g6 6. cxd5 Nxd5 7. Nf3 Bg7 8.
Be2 O-O 9. O-O Nc6 10. a3 b6 11. Be3 Bb7 12. Qd3 Rc8 13. Rac1 e6 14. Rfd1 Nxe3
15. fxe3 Qe7 16. e4 Bh6 17. Rc2 Rfd8 18. e5 Bf4 19. Qe4 Nxd4 20. Qxf4 Nxc2 21.
Ng5 Nd4 22. Bf3 Bxf3 23. Nxf3 Nxf3+ 24. Qxf3 Rxd1+ 25. Qxd1 h5 0-1

[Event "International Tournament "]
[Site "Paracin, Hotel "]
[Date "2017.07.08"]
[Round "3.20"]
[White "Tica, Sven"]
[Black "Radovic, Luka"]
[Result "1/2-1/2"]
[WhiteElo "2333"]
[BlackElo "2264"]
[PlyCount "40"]
[EventDate "2017.07.07"]

1. d4 Nf6 2. c4 g6 3. Nc3 Bg7 4. g3 O-O 5. Bg2 d6 6. Nf3 Nc6 7. O-O Bf5 8. b3
e5 9. d5 Ne7 10. Bb2 Qd7 11. Rc1 Bh3 12. Qd3 Bxg2 13. Kxg2 Nh5 14. e4 Qg4 15.
Qe3 Bh6 16. Qxh6 Nf4+ 17. Kg1 Qxf3 18. gxf4 Qxf4 19. Kh1 Qf3+ 20. Kg1 Qg4+
1/2-1/2

[Event "International Tournament "]
[Site "Paracin, Hotel "]
[Date "2017.07.08"]
[Round "3.21"]
[White "Savic, Miodrag R"]
[Black "Eric, Jovana"]
[Result "1-0"]
[WhiteElo "2492"]
[BlackElo "2262"]
[PlyCount "89"]
[EventDate "2017.07.07"]

1. e4 e6 2. d4 d5 3. e5 c5 4. c3 Nc6 5. Nf3 Bd7 6. Be2 Nge7 7. O-O Nf5 8. dxc5
Bxc5 9. Bd3 Nh4 10. Nbd2 Ng6 11. Nb3 Bb6 12. Re1 O-O 13. Nbd4 a6 14. Bc2 Qb8
15. Qd3 Bxd4 16. cxd4 Nb4 17. Qb3 Nxc2 18. Qxc2 Rc8 19. Qb3 Rc4 20. h4 h6 21.
Qe3 Qc7 22. h5 Ne7 23. Qf4 Rc8 24. b3 Rc2 25. Ba3 Bb5 26. Rec1 Qd7 27. Bc5
Rxc1+ 28. Rxc1 Nc6 29. Qd2 Ne7 30. a4 Bc6 31. g4 Qd8 32. Qb4 Kf8 33. Bb6 Qd7
34. Kh2 Kg8 35. Rg1 Kh8 36. Qd2 Rf8 37. Bc5 Rc8 38. Qf4 Ng8 39. g5 Qe8 40. Qg4
g6 41. gxh6 Nxh6 42. Qg5 Kh7 43. Qf6 Bd7 44. Ng5+ Kg8 45. Nxf7 1-0

[Event "International Tournament "]
[Site "Paracin, Hotel "]
[Date "2017.07.08"]
[Round "3.22"]
[White "Tan, Justin"]
[Black "Popovic, Djordje D"]
[Result "1/2-1/2"]
[WhiteElo "2462"]
[BlackElo "2258"]
[PlyCount "168"]
[EventDate "2017.07.07"]

1. Nf3 c5 2. e3 Nf6 3. b3 e6 4. Bb2 Be7 5. Be2 O-O 6. O-O b6 7. d4 Bb7 8. c4
cxd4 9. Nxd4 a6 10. Nd2 Qc7 11. Rc1 d6 12. Bf3 Nc6 13. Qc2 Rac8 14. Qb1 Ne5 15.
Bxb7 Qxb7 16. a4 Rfe8 17. e4 Ned7 18. Rfe1 Bf8 19. N4f3 e5 20. Qd3 Nc5 21. Qe2
b5 22. axb5 axb5 23. cxb5 Rb8 24. Ba3 Ncxe4 25. Nxe4 Nxe4 26. Qxe4 d5 27. Qa4
Ra8 28. Bxf8 Rxa4 29. bxa4 Kxf8 30. Nxe5 f6 31. Nc6 Rxe1+ 32. Rxe1 Qb6 33. g3
Qc5 34. Rb1 d4 35. Rd1 g5 36. Rxd4 h5 37. h4 g4 38. Rb4 Qc1+ 39. Kh2 Qd2 40.
Rf4 Qb2 41. Nb4 Qb3 42. Nc6 Kg7 43. Ne7 Kf7 44. Nf5 Kg6 45. Nd6 Qa3 46. Ne8 f5
47. Nc7 Qc5 48. Na6 Qb6 49. Nb4 Qc5 50. Nc6 Kf6 51. Nd4 Qa7 52. Rxf5+ Kg6 53.
Rf4 Qxa4 54. Re4 Qa2 55. Rf4 Qb2 56. Kg2 Qb4 57. Re4 Qb2 58. b6 Kf6 59. Rf4+
Kg6 60. Nf5 Qxb6 61. Ne3 Qb7+ 62. Kh2 Qb2 63. Rf5 Qe2 64. Kg2 Kh6 65. Rg5 Qf3+
66. Kg1 Qf7 67. Nf5+ Kh7 68. Rg7+ Qxg7 69. Nxg7 Kxg7 70. Kf1 Kf6 71. Ke2 Ke5
72. Kd2 Kd6 73. Ke3 Ke5 74. Kd3 Kd5 75. Ke3 Ke5 76. f3 gxf3 77. Kxf3 Kf5 78.
Kf2 Kf6 79. Ke2 Ke6 80. Ke3 Ke5 81. Kf2 Kf6 82. Ke3 Ke5 83. Kf3 Kf5 84. Ke3 Ke5
1/2-1/2